000 00459nam a22001577a 4500
005 20240213031919.0
008 240213b |||||||| |||| 00| 0 eng d
020 _a9558085006
082 _222
_a305,8,
_bNEG.
245 _aNegotiating peace in Sri Lanka :
_bEfforts, Failures & Lessons /
260 _aColombo :
_bInternational Alert of London /
_c1998.
300 _ax, 420 p.,
_e2nd book.
650 _apeace.
700 _aRupesinghe, kumar
_eedt
942 _cL
999 _c377
_d377